[Event "Toronto NAYCC U10"]
[Site "Toronto"]
[Date "2013.08.15"]
[Round "2"]
[White "He, Oliver"]
[Black "Atanasov, David"]
[Result "1/2-1/2"]
[WhiteElo "799"]
[BlackElo "1076"]
[PlyCount "38"]
[EventDate "2013.08.14"]
[EventType "swiss"]
[EventRounds "9"]
[EventCountry "CAN"]
[SourceTitle "EXT 2022"]
[Source "ChessBase"]
[SourceDate "2021.10.06"]
[SourceVersion "1"]
[SourceVersionDate "2021.10.06"]
[SourceQuality "1"]

1. e4 c5 2. Nf3 d6 3. Nc3 Nc6 4. Bb5 Bd7 5. 0-0 Nf6 6. d3 g6 7. Bd2 Bg7 8. h3 0-0 9. Bxc6 Bxc6 10. Re1 Qd7 11. e5 Bxf3 12. Qxf3 dxe5 13. Rxe5 Qd6 14. Rae1 Rfe8 15. Qxb7 Rab8 16. Qxa7 Rxb2 17. Rxe7 Rxe7 18. Rxe7 Rxc2 19. Qa8+ Bf8 1/2-1/2